000 00819pam a2200265 a 4500
001 16745278
003 OSt
005 20140310182453.0
008 110421s2011 moua 001 0 eng
010 _a 2011411307
020 _a9781437701791
040 _aDLC
_cDLC
_dDLC
042 _apcc
050 0 0 _aRS 57
_b.D728 2011
100 1 _aDoucette, Lorraine J.
_98259
245 1 0 _aMathematics for the clinical laboratory /
_cLorraine J. Doucette.
260 _aMaryland Heights, Mo. :
_bSaunders/Elsevier,
_cc2011.
300 _a408 p. :
_bcol. ill. ;
_c24 cm.
500 _aIncludes index.
650 0 _aMedical laboratory technology
_xMathematics.
_98260
906 _a7
_bcbc
_corignew
_d1
_eocip
_f19
_gy-gencatlg
942 _2lcc
_cSSLC
999 _c13709
_d13709